Environmental toxicology / (Record no. 5577)
[ view plain ]
| 000 -LEADER | |
|---|---|
| fixed length control field | 00799nac a22002531u 4500 |
| 020 ## - INTERNATIONAL STANDARD BOOK NUMBER | |
| International Standard Book Number | 8171413501 |
| 082 ## - DEWEY DECIMAL CLASSIFICATION NUMBER | |
| Classification number | 615.902 |
| 090 ## - LOCALLY ASSIGNED LC-TYPE CALL NUMBER (OCLC); LOCAL CALL NUMBER (OCLC) | |
| -- | 5577 |
| -- | 5577 |
| 100 ## - MAIN ENTRY--PERSONAL NAME | |
| Personal name | 20080729 |
| 245 ## - TITLE STATEMENT | |
| Title | Environmental toxicology / |
| Statement of responsibility, etc | MJ. Satake [et al...] |
| 260 ## - PUBLICATION, DISTRIBUTION, ETC. (IMPRINT) | |
| Place of publication, distribution, etc | New Delhi: |
| Name of publisher, distributor, etc | Discovery Pub.,2003 |
| Date of publication, distribution, etc | 2003 |
| 300 ## - PHYSICAL DESCRIPTION | |
| Extent | 278p.; |
| Other physical details | 20 cm. |
| 500 ## - GENERAL NOTE | |
| General note | distributer: AL-Ahram |
| 511 ## - PARTICIPANT OR PERFORMER NOTE | |
| Participant or performer note | catalogued by: wessam |
| 650 ## - SUBJECT ADDED ENTRY--TOPICAL TERM | |
| Topical term or geographic name as entry element | environmental toxicology |
| 650 ## - SUBJECT ADDED ENTRY--TOPICAL TERM | |
| Topical term or geographic name as entry element | Environmental chemistry |
| 700 ## - ADDED ENTRY--PERSONAL NAME | |
| Personal name | Yasuhisa H. |
| 700 ## - ADDED ENTRY--PERSONAL NAME | |
| Personal name | Sethi, M. S. |
| 700 ## - ADDED ENTRY--PERSONAL NAME | |
| Personal name | Mido Y. |
| 700 ## - ADDED ENTRY--PERSONAL NAME | |
| Personal name | Taguchi S. |
| 700 ## - ADDED ENTRY--PERSONAL NAME | |
| Personal name | Iqbal S. A. |
| 942 ## - ADDED ENTRY ELEMENTS (KOHA) | |
| Item type | Book - Borrowing |
| Call number prefix | 615.902 |
| Withdrawn status | Item status | Damaged status | Not for loan | Home library | Current library | Shelving location | Date acquired | Source of acquisition | Total Checkouts | Full call number | Barcode | Date last seen | Koha item type |
|---|---|---|---|---|---|---|---|---|---|---|---|---|---|
| Central Library | Central Library | First floor | 31/10/2007 | Purchase | 615.902 ENV | 000006702 | 15/07/2025 | Book - Borrowing |